Normal view
MARC view
- Radmanesh, Matthew M
Entry Personal Name
001 - CONTROL NUMBER
- control field: 62034
003 - CONTROL NUMBER IDENTIFIER
- control field: NUST
005 - DATE AND TIME OF LATEST TRANSACTION
- control field: 20210628202850.0
008 - FIXED-LENGTH DATA ELEMENTS
- fixed length control field: 210628|| aca||aabn | a|a d
040 ## - CATALOGING SOURCE
- Original cataloging agency: NUST
- Transcribing agency: NUST
100 ## - HEADING--PERSONAL NAME
- Personal name: Radmanesh, Matthew M
670 ## - SOURCE DATA FOUND
- Source citation: Work cat.: (NUST): Radmanesh, Matthew M, Radio frequency and microwave electronics illustrated, 2006
